Nivedan: (Record no. 156263)

MARC details
000 -LEADER
fixed length control field 00576nam a22001817a 4500
005 - DATE AND TIME OF LATEST TRANSACTION
control field 20180824123456.0
010 ## - LCCN (DPL NO)
LC control number ENG-123758
020 ## - INTERNATIONAL STANDARD BOOK NUMBER
International Standard Book Number 9788178243252
Terms of availability 295.00
035 ## - SYSTEM CONTROL NUMBER
System control number EN-107290
037 ## - SOURCE OF ACQUISITION
Source of stock number/acquisition DBAD/PUB
082 ## - DEWEY DECIMAL CLASSIFICATION NUMBER
Classification number 230.33
245 ## - TITLE STATEMENT
Title Nivedan:
Statement of responsibility, etc translated & ed.by Meera Kosambi
Remainder of title the autobiography of Dharamnand Kosambi /
260 ## - PUBLICATION, DISTRIBUTION, ETC. (IMPRINT)
Place of publication, distribution, etc Ranikhet
Name of publisher, distributor, etc Permanent Black
Date of publication, distribution, etc 2011
270 ## - ADDRESS
Address Himalayana, Mall Road, Ranikhet Cantt.
City Ranikhet
Postal code 263645
300 v# - PHYSICAL DESCRIPTION
Extent xii,192p.
Dimensions 21cm(pbk)
Other physical details ill.
500 ## - GENERAL NOTE
General note It includes references
942 ## - ADDED ENTRY ELEMENTS (KOHA)
Source of classification or shelving scheme Dewey Decimal Classification
Item type English Books
Call number suffix 230.33
Classification part NIV
Holdings
Withdrawn status Lost status Not for loan Collection code Home library Current library Date acquired Source of acquisition Cost, normal purchase price Full call number Barcode Copy number Cost, replacement price Koha item type
    Not For Loan Non-fiction D.B.Act.Division Bawana 24/08/2018 DBAD/PUB 295.00 NIV 230.33 EN-107290 1 295.00 English Books

© Delhi Public Library
Hit Counter
free hit counter